| 000 | 00581nam a2200193Ia 4500 | ||
|---|---|---|---|
| 008 | 220204s9999 xx 000 0 und d | ||
| 020 | _a0896033287 | ||
| 082 |
_a57.085.23:577 _bNIC |
||
| 100 | _aNickoloff, Jac A | ||
| 245 | 0 | _aPlant cell electroporation and electrofusion protocols | |
| 260 |
_aNew Jersey _bHumana Press _c1995 |
||
| 490 | _a Methods in molecular biology. Vol. 55 | ||
| 650 | _aElectrofusion | ||
| 650 | _aElectroporation | ||
| 650 | _aGenetic engineering | ||
| 650 | _aPlant genetic engineering | ||
| 650 | _aPlant genetic transformation | ||
| 942 | _cBK | ||
| 999 |
_c42669 _d42669 |
||